Normal view
MARC view
- Environmental Science - Ms Thesis
Entry Topical Term
001 - CONTROL NUMBER
- control field: 16562
003 - CONTROL NUMBER IDENTIFIER
- control field: NUST
005 - DATE AND TIME OF LATEST TRANSACTION
- control field: 20190703102850.0
008 - FIXED-LENGTH DATA ELEMENTS
- fixed length control field: 190703|| aca||aabn | a|a d
040 ## - CATALOGING SOURCE
- Original cataloging agency: NUST
- Transcribing agency: NUST
150 ## - HEADING--TOPICAL TERM
- Topical term or geographic name entry element: Environmental Science - Ms Thesis
670 ## - SOURCE DATA FOUND
- Source citation: Work cat.: (NUST): Amin, Anum 16561, Influence of Simultaneous Application of Antibiotics and Nanoparticles on Wheat Growth /, 2018.
